000 02090nam a22003977a 4500
999 _c20090
_d20090
005 20180222151836.0
008 180222b2017 ck o|||gr||||a00| 0 spa d
020 _a9789588426518
040 _aCO-BoIAVH
_cCO-BoIAVH
041 _aspa
044 _ack
082 1 4 _a599.784
_bG64o
110 1 _aColombia.
_bEmpresa de Acueducto, Alcantarillado y Aseo de Bogotá
245 1 3 _aEl oso andino en el Macizo de Chingaza /
_ceditado por José F. González-Maya y otros.
260 _aBogotá:
_bEmpresa de Acueducto, Alcantarillado y Aseo de Bogotá:
_bCorporación Autónoma Regional del Guavio Corpoguavio:
_bParques Nacionales Naturales de Colombia:
_bProyecto de Conservación de Aguas y Tierras ProCAT Colombia,
_c2017.
300 _a120 páginas,
_bfotografías y mapas a color,
504 _aIncluye bibliogra´fia (pag. 116-118)
505 _aCapítulo 1. Una voz para el oso andino del Macizo de Chingaza (pag 17)
505 _aCapítulo 2. El paisaje del macizo de Chingaza (pag 25)
505 _aCapítulo 3. Generalidades del oso andino (Tremarctos Ornatus: Ursidae) (pag 55)
505 _aCapítulo 4. Los oso andinos del Macizo de Chingaza (pag 73)
505 _aCapítulo 5. Estado de conservación y amenazas del oso andino en el Macizo de Chingaza (pag 89)
505 _aCapítulo 6. Estrategia para la conservación del oso andino en el Macizo de Chingaza (pag 101)
650 1 4 _aOso andino
_zColombia
650 0 _aTremarctos ornatus
_zColombia
650 0 _aOso de anteojos
_zColombia
650 0 _aEcosistemas de montaña
_xPáramos
_zColombia
651 1 _aMacizo de Chingaza
_zColombia
700 1 _aGonzálea-Maya, José F.
_eeditor
700 1 _aGalindo-Tarazona, Robinson
_eeditor
700 1 _aUrquijo-Collazos, Marcos Manuel
_eeditor
700 1 _aZárate-Vanegas, Maritza
_eeditora
700 1 _aParra-Romero,Angela
_eeditora
856 _uhttp://procat-conservation.org/wp-content/uploads/2018/02/LibroOsoenMacizoChingaza_dig.pdf
942 _2ddc
_cLIBRO